000 00473nmm a2200157Ia 4500
008 251105s9999||||xx |||||||||||||||||und||
020 _a9791021304864
041 _aspa
100 _aGutiérrez, Antonio García
245 0 _aObras de Antonio García Gutiérrez
264 _a[París, Francia] :
_bEdiciones la Biblioteca Digital,
_c2012
300 _a67 páginas
650 _aSpanish theater
856 _uhttps://public.digitaliapublishing.com/a/26250
942 _cCF
999 _c98005
_d98005